Divertinventos : (Record no. 149667)

MARC details
000 -CABECERA
campo de control de longitud fija 00707nam a2200229 a 4500
005 - FECHA Y HORA DE LA ÚLTIMA TRANSACCIÓN
campo de control 20240213064449.0
008 - ELEMENTOS DE LONGITUD FIJA--INFORMACIÓN GENERAL
campo de control de longitud fija 100830s1989 ec r 000 0 spa d
020 ## - NÚMERO INTERNACIONAL NORMALIZADO PARA LIBROS
Número Internacional Estándar del Libro 9978801693
035 ## - NÚMERO DE CONTROL DEL SISTEMA
Número de control de sistema UPN01000177564
049 ## - COLECCIÓN
Colección CG
050 #4 - SIGNATURA TOPOGRÁFICA DE LA BIBLIOTECA DEL CONGRESO
Número de clasificación LB1719 A4.4
Número de documento/Ítem U2.2
100 1# - ASIENTO PRINCIPAL--NOMBRE PERSONAL
Nombre de persona Ubidia, Abdón,
Fechas asociadas al nombre 1944-
9 (RLIN) 33202
245 10 - MENCIÓN DE TÍTULO
Título Divertinventos :
Resto del título libro de fantasías y utopías /
Mención de responsabilidad, etc. Abdón Ubidia
260 ## - PUBLICACIÓN, DISTRIBUCIÓN, ETC.
Lugar de publicación, distribución, etc. Quito :
Nombre del editor, distribuidor, etc. Libresa,
Fecha de publicación, distribución, etc. 1989.
300 ## - DESCRIPCIÓN FÍSICA
Extensión 116 p.
440 #0 - MENCIÓN DE SERIE/ASIENTO SECUNDARIO--TÍTULO
Título Crónica de sueños
650 #4 - ASIENTO SECUNDARIO DE MATERIA - TERMINO TEMATICO
Término de materia o nombre geográfico como elemento de entrada MAESTROS EN SERVICIO, FORMACION DE -
Subdivisión geográfica AMERICA LATINA
9 (RLIN) 872
650 #7 - ASIENTO SECUNDARIO DE MATERIA - TERMINO TEMATICO
Término de materia o nombre geográfico como elemento de entrada Estrategias educativas
Fuente del encabezamiento o término
9 (RLIN) 1510
650 #4 - ASIENTO SECUNDARIO DE MATERIA - TERMINO TEMATICO
Término de materia o nombre geográfico como elemento de entrada Ciencia ficción
Subdivisión de forma Cuentos y leyendas
9 (RLIN) 13121
905 ## - TIPO DE MATERIAL
Tipo de material Libro
Holdings
Estado de retiro Estado de pérdida Fuente del sistema de clasificación o colocación Estado dañado No para préstamo Código de colección Localización permanente Ubicación/localización actual Ubicación en estantería Total de préstamos Clasificación Código de barras Fecha visto por última vez Número de copia Tipo de ítem Koha
    Library of Congress Classification     Colección General Bib. Gregorio Torres Quintero Bib. Gregorio Torres Quintero Planta baja   LB1719 A4.4 U2.2 116146 31/12/2020 1 Libro